000 00567nam a2200217 a 4500
001 BRL_604
005 20190320210822.0
008 100913s1936----gw-#######---#000-1#eng-#
041 _aeng
044 _agw
050 4 _aPZ3
_b.B87 1936
100 1 _aBurton, Miles
_d1884-1964
_924412
245 1 0 _aDeath in the Tunnel
_cby Miles Burton.
260 _aHamburgo
_bThe Albatross
_c1936
300 _a252 p.
_c18 cm.
500 _aEstado físico: carece de encuadernación
500 _aAu676
650 1 4 _aNovela policiaca
_923905
902 _aGRL
942 _2lcc
_cB
999 _c9416
_d9416